01274nas a2200337 4500001001300000003000900013005001700022007000300039008003400042040005400076041000900130072000800139100002400147100002400171100001600195100001900211100002400230100002100254245008900275246006800364650001300432650002500445650002700470650002600497773009800523856008100621909004000702942001800742999001900760952015700779BR2013008957BR-BrBNA20231205123207.0ta230509b bl.|||p| |||| 00| 00por d aBR-BrBNAbporcBiblioteca Nacional de Agricultura a(Pt) aF031 aRodrigues, A.P.D.C.1 aOliveira, A.K.M. de1 aLaura, V.A.1 aYamamoto, C.R.1 aChermouth, K. da S.1 aFreitas, M.H. de1 aTratamentos para superação da dormência de sementes de Adenanthera pavonina L.1 aTreatments for Adenanthera pavonina L. seed dormancy overcoming aCAROLINA aADENANTHERA PAVONINA aDORMÊNCIA DA SEMENTE aQUEBRA DA DORMÊNCIA0 tRevista Árvore (Brazil)xISSN 0100-6762 g(Jul-Aug 2009), v. 33(4) p. 617-623wBR20130089574 uhttp://www.scielo.br/pdf/rarv/v33n4/v33n4a04.pdfyRecurso eletrônico (PDF) a202311bLúciac55dLúcia Elande 2AGRISn0cANA c232631d232631 002AGRIS4071a41918b41918cPeriódicos Agrícolash(Jul-Aug 2009), v. 33(4) p. 617-623l0r2023-11-29t01yCRePortaria Interministerial nº 164/94